000 00394pab a2200157 454500
008 180718b1997 xxu||||| |||| 00| 0 eng d
100 _aSrinivas, Burra
245 _aStatus of workers in post-reform China
260 _c1997
300 _ap.21-24
362 _aApr-May
650 _aEconomic and social development - China
650 _aLabour
773 _aThird Concept
909 _a33965
999 _c33965
_d33965